Vital biblical issues : (Record no. 8854)
[ view plain ]
| 000 -LEADER | |
|---|---|
| fixed length control field | 00601pam a2200193 a 4500 |
| 001 - CONTROL NUMBER | |
| control field | 2069874 |
| 005 - DATE AND TIME OF LATEST TRANSACTION | |
| control field | 20260304101419.0 |
| 008 - FIXED-LENGTH DATA ELEMENTS--GENERAL INFORMATION | |
| fixed length control field | 940810s1994 miu b 000 0 eng |
| 020 ## - INTERNATIONAL STANDARD BOOK NUMBER | |
| International Standard Book Number | 0825440726 |
| Qualifying information | pbk. |
| 020 ## - INTERNATIONAL STANDARD BOOK NUMBER | |
| International Standard Book Number | 9780825440724 |
| Qualifying information | (pbk.) |
| 050 00 - LIBRARY OF CONGRESS CALL NUMBER | |
| Classification number | BS511.2 |
| Item number | .V58 1994 |
| 082 00 - DEWEY DECIMAL CLASSIFICATION NUMBER | |
| Classification number | 220.6 |
| Edition information | 20 |
| 245 00 - TITLE STATEMENT | |
| Title | Vital biblical issues : |
| Remainder of title | examining problem passages of the Bible / |
| Statement of responsibility, etc. | Roy B. Zuck, general editor. |
| 260 ## - PUBLICATION, DISTRIBUTION, ETC. | |
| Place of publication, distribution, etc. | Grand Rapids, MI : |
| Name of publisher, distributor, etc. | Kregel Resources, |
| Date of publication, distribution, etc. | c1994. |
| 300 ## - PHYSICAL DESCRIPTION | |
| Extent | 276 p. ; |
| Dimensions | 22 cm. |
| 440 #4 - SERIES STATEMENT/ADDED ENTRY--TITLE | |
| Title | The vital issues series ; |
| Volume/sequential designation | v. 3 |
| 700 1# - ADDED ENTRY--PERSONAL NAME | |
| Personal name | Zuck, Roy B. |
| 942 ## - ADDED ENTRY ELEMENTS (KOHA) | |
| Source of classification or shelving scheme | Library of Congress Classification |
| Koha item type | Books |
| Suppress in OPAC | No |
| 999 ## - | |
| -- | 8854 |
| -- | 8854 |
| Withdrawn status | Lost status | Source of classification or shelving scheme | Damaged status | Not for loan | Collection | Home library | Current library | Shelving location | Date acquired | Total checkouts | Full call number | Barcode | Date last seen | Copy number | Price effective from | Koha item type |
|---|---|---|---|---|---|---|---|---|---|---|---|---|---|---|---|---|
| Library of Congress Classification | Non-fiction | Business Library (Miotso) | Business Library (Miotso) | General stacks | 03/04/2026 | BS511.2 .V58 1994 | BSSM00002366 | 03/04/2026 | 1 | 03/04/2026 | Books |